SOIL compaction and regeneration : proceedings of the Workshop on Soil Compaction : Consequences and Structural Regeneration Processes, Avignon, 17-18 September 1985

Bibliographic Details
Other Authors: Goss, Monnier
Format: Book
Published: Rotterdam; Boston : A. A. Balkema , 1987
Subjects:

MARC

LEADER 00000cam a2200000 7i4500
001 0000002464
005 20030626.0
020 0 0 |a 9061917808 
090 0 0 |a 624.151363   |b SOI 1987 
245 0 0 |a SOIL compaction and regeneration :   |b proceedings of the Workshop on Soil Compaction : Consequences and Structural Regeneration Processes, Avignon, 17-18 September 1985   |c edited by G. Monnier, M. J. Goss 
260 0 0 |a Rotterdam; Boston :   |b A. A. Balkema ,   |c 1987 
300 |a viii, 167 p. :   |b ill. ;   |c 25 cm. 
500 0 0 |a Includes bibliographical references 
650 0 0 |a Soil compaction   |x Congresses 
700 0 1 |a Goss   |h M. J. 
700 0 1 |a Monnier   |h G. 
998 |a JPSM 
999 |a 0000004203   |b Monograph   |c Open Shelf   |e Default branch